| 000 | 00973nam a2200289 a 4500 | ||
|---|---|---|---|
| 001 | 000045276 | ||
| 003 | DO-SdBNP | ||
| 005 | 20220922120222.0 | ||
| 007 | ta | ||
| 008 | 150223s2014 dr a 000 0 spa d | ||
| 020 | _z9789945006759 | ||
| 040 |
_aDO-SdBNP _bspa _cBNPHU |
||
| 082 | 4 |
_a332.024 _bS715a, 2014 _222 |
|
| 100 | 1 |
_aSosa Sosa, Diego A., _d1966- _93236 |
|
| 245 | 1 | 0 |
_aArco iris financiero : _b7 colores para llegar a tu tesoro / _cDiego A. Sosa Sosa. |
| 246 | 1 | 3 |
_aArco iris financiero : _bsiete colores para llegar a tu tesoro |
| 250 | _a4a. ed. | ||
| 260 |
_aSanto Domingo : _bBúho, _c2014. |
||
| 300 |
_a180 p. : _bil. ; _c23 cm. |
||
| 500 | _aIncluye datos biográficos del autor en la solapa de la cubierta. | ||
| 590 | _aInventariado, 2019/BT | ||
| 650 | 4 |
_aFinanzas personales _98282 |
|
| 650 | 4 |
_aPlanificación del patrimonio _940656 |
|
| 650 | 4 |
_aPresupuesto personal _940657 |
|
| 910 | _aValidado. Control de calidad MFF | ||
| 942 |
_2ddc _cLBS1 |
||
| 999 |
_c44765 _d44765 |
||